Moralia. Volume 6, fasc. 3 /

Hlavní autor: Plútarchos, asi 50-asi 120
Další autoři: Hubert, C.
Jazyk: Latina
Vydáno: Lipsiae : Teubner, 1953
Edice: Bibliotheca scriptorum Graecorum et Romanorum Teubneriana
Fyzický popis: 8, 50 stran
Knihy
Uloženo v:
LEADER 00930nam a22002652i 4500
001 000420342
003 CZ BrMZK
005 20150626133630.0
007 ta
008 990305s1953 gw f lat d
040 |a BOA001  |b cze  |e rda 
100 0 |a Plútarchos,  |d asi 50-asi 120  |7 jn19981002002  |4 aut 
245 1 0 |a Moralia.  |n Volume 6, fasc. 3 /  |c Chaeronensis Plutarchus ; recensuit et emendavit C. Hubert 
264 1 |a Lipsiae :  |b Teubner,  |c 1953 
300 |a 8, 50 stran 
336 |a text  |b txt  |2 rdacontent 
337 |a bez média  |b n  |2 rdamedia 
338 |a svazek  |b nc  |2 rdacarrier 
490 1 |a Bibliotheca scriptorum Graecorum et Romanorum Teubneriana 
700 1 |a Hubert, C.  |4 edt 
830 0 |a Bibliotheca scriptorum Graecorum et Romanorum Teubneriana 
910 |a BOA001  |b 2-0342.534,6/3 
990 |a BK 
991 |b 201506 
996 7 |b 2619793876  |c 2-0342.534,6/3  |l MZK  |r Sklad / do 24 hodin  |n 5  |w 000420342  |u 000010  |a 1  |e BOA001  |j MZK50  |s A